=LDR 00000nam 2200000 4500 =001 INLIS000000001052548 =005 20240909084952 =035 ##$$a 0010-0924000087 =007 ta =008 240909################a##########0###### =020 ##$$a 978-89-6509-223-0 =082 ##$$a 028.55 =084 ##$$a 028.55 CHO b =100 #$$a Choi Eun-Gyu =245 1#$$a Babi /$c Choi Eun-Gyu =260 ##$$a Tongkeun World :$b Gyeonggi-do,$c 2011 =300 ##$$a 27 hlm : $b ilus ; $c 19,8 x 18,8 cm =650 #4$$a Bacaan Kanak-kanak =990 ##$$a 19451945